000 01590nam a2200289Ia 4500
999 _c50980
_d50980
001 17937
003 GE_BSU
005 20200228161446.0
008 181216s2014 xx |||||||||||||| ||geo||
020 _a9789941073632
040 _cGE_BSU
041 _ageo
080 _a903.21(479.22) თ-25
100 _aთამაზაშვილი, ქეთევან.
_97647
245 _aპრეისტორიული ხანის სამთო წარმოების იარაღები საქართველოში = Prehistoric mining implements from Georgia /
_cქეთევან თამაზაშვილი ; რედ. ირინა ღამბაშიძე [და სხვ.]
264 _aთბილისი :
_bმწიგნობარი,
_c2014.
300 _a142 გვ. :
_bტაბულები: გვ. 114-141.
_c20 სმ.
504 _aბიბლიოგრ.: გვ. 103-108.
520 _aრეზ. ინგლ.
546 _aთავფურ. ქართ. და ინგლ.
653 _aPrehistoric mining implements from Georgia
653 _aპრეისტორიული ხანის იარაღები საქართველოში
653 _aპრეისტორიული ხანის სამთო წარმოების იარაღები საქართველოში
653 _aისტორია
700 _aღამბაშიძე, ირინა
_eრედაქტორი
_97648
942 _cBK
_2udc